Le Train des Drapeaux 2 - Statistiques

Statistiques générales
  • Ce quiz a été pris 179 fois
  • Le résultat moyen est 8 sur 11
Statistiques - réponses
Hint Réponse % Correct
Prenez le drapeau de la Chine Chine
99%
Enlevez les étoiles et mettez une étoile jaune au centre Vietnam
96%
Enlevez l'étoile et placez un aigle noir au centre Albanie
92%
Remplacez l'aigle par une bande horizontale blanche au centre Autriche
89%
Remplacez la bande rouge du bas par une bande bleue claire Luxembourg
87%
Retirez l'emblème et remplacez la bande bleue claire par du bleu foncé Pays-Bas
85%
Mettez la bande rouge en bas Russie
69%
Retirez l'emblème et la bande bleue centrale Pologne
58%
Pivotez le drapeau Monaco
55%
Placez un emblème composé d'une montagne et d'étoile sur le drapeau Slovénie
51%
Ajoutez un emblème au centre Paraguay
43%
Aucun quiz correspondant
Distribution des résultats
% des personnes avec chaque résultat
Percentile par nombre de réponses
Votre historique - résultats
Vous n’avez pas pris ce quiz